000 00932nam a2200301Ia 4500
001 Z_6942
003 CHAP
008 220113s2017 xx 000 0 und d
010 _a170198
020 _a978-607-12-0451-9
040 _cCHAP
082 _a634.31 G85
245 _aGuía agroecológica para la producción de naranja orgánica /
_cManuel Ángel Gómez Cruz...[et al.]
260 _aMéxico :
_bUACh. Centro de Investigaciones Interdisciplinaria para el Desarrollo Rural Integral (CIIDRI),
_c2017
300 _ax, 68 p.
440 _aPublicaciones agroecológicas
_9135200
503 _aej.1: donación (CIIDRI 16 de enero 2018)
504 _aBibliografía: p. 67 - 68
650 _aAgricultura orgánica
_92005
650 _aNaranjas
_9146364
700 _aGómez Cruz, Manuel Ángel, aut.
_9146365
901 _a634.31 G85
902 _aA
910 _a2017
942 _c1
942 _cc1
999 _c170198
_d170198